[Event "Sao Jose do Rio Preto 10th"]
[Site "Sao Jose do Rio Preto"]
[Date "2012.06.01"]
[Round "4"]
[White "Borges, Leomar Barbero"]
[Black "Supi, Luis Paulo"]
[Result "1/2-1/2"]
[WhiteElo "2187"]
[BlackElo "2290"]
[PlyCount "40"]
[EventDate "2012.05.30"]
[EventType "tourn"]
[EventRounds "9"]
[EventCountry "BRA"]
[EventCategory "2"]
[SourceTitle "CBM 148 Extra"]
[Source "ChessBase"]
[SourceDate "2012.06.22"]
[SourceVersion "1"]
[SourceVersionDate "2012.06.22"]
[SourceQuality "1"]

1. d4 Nf6 2. Nf3 g6 3. e3 Bg7 4. Be2 O-O 5. b3 c5 6. Bb2 d5 7. O-O cxd4 8. Nxd4
a6 9. c4 dxc4 10. Bxc4 Qc7 11. Nc3 Rd8 12. Qc1 e5 13. Nf3 b5 14. Nd5 Qb7 15.
Nxf6+ Bxf6 16. Be2 Nc6 17. Nd2 Be6 18. Ne4 Be7 19. Nc5 Bxc5 20. Qxc5 Bd5
1/2-1/2

[Event "Sao Jose do Rio Preto 10th"]
[Site "Sao Jose do Rio Preto"]
[Date "2012.06.02"]
[Round "5"]
[White "Supi, Luis Paulo"]
[Black "Roselli Mailhe, Bernardo"]
[Result "1/2-1/2"]
[WhiteElo "2290"]
[BlackElo "2419"]
[PlyCount "122"]
[EventDate "2012.05.30"]
[EventType "tourn"]
[EventRounds "9"]
[EventCountry "BRA"]
[EventCategory "2"]
[SourceTitle "CBM 148 Extra"]
[Source "ChessBase"]
[SourceDate "2012.06.22"]
[SourceVersion "1"]
[SourceVersionDate "2012.06.22"]
[SourceQuality "1"]

1. e4 e6 2. d4 d5 3. Nc3 Bb4 4. e5 b6 5. a3 Bf8 6. f4 c5 7. Nf3 Ne7 8. Be3 Nf5
9. Bf2 Be7 10. Bd3 g6 11. g4 Nxd4 12. Nxd4 cxd4 13. Ne2 Nc6 14. Bb5 Bd7 15.
Bxc6 Bxc6 16. Nxd4 Qc7 17. Qe2 Bd7 18. O-O h5 19. h3 Rc8 20. Kg2 Qc4 21. Qd2
Bc5 22. b3 Qa6 23. a4 Be7 24. Be3 Qb7 25. c3 Qc7 26. Rac1 Qb7 27. Qd3 a6 28.
Rf3 Kd8 29. g5 Ke8 30. Rf2 Kf8 31. Ra2 a5 32. h4 Kg7 33. Kg3 Rc7 34. Qe2 Rf8
35. Rac2 Bc5 36. Qd3 Rb8 37. Ra1 Qc8 38. Rac1 Qe8 39. Kf2 Ra8 40. Ra2 Rac8 41.
Rac2 Ra8 42. Ra2 Qc8 43. Rac2 Qa6 44. Qxa6 Rxa6 45. Ke2 Ra8 46. Kd2 Rac8 47.
Ra2 Kf8 48. Rac2 Ke8 49. Ra2 Kd8 50. Rac2 Ra7 51. Ra2 Rcc7 52. Rac2 Rab7 53.
Ra2 Ra7 54. Rca1 Ke8 55. Rc2 Kd8 56. Rac1 Ra8 57. Ra1 Rb8 58. Rca2 Rbc8 59. Rc1
Ke8 60. Rac2 Rb8 61. Ra2 Rbc8 1/2-1/2

[Event "Sao Jose do Rio Preto 10th"]
[Site "Sao Jose do Rio Preto"]
[Date "2012.06.03"]
[Round "6"]
[White "Blit, Jacques"]
[Black "Supi, Luis Paulo"]
[Result "0-1"]
[WhiteElo "2278"]
[BlackElo "2290"]
[PlyCount "52"]
[EventDate "2012.05.30"]
[EventType "tourn"]
[EventRounds "9"]
[EventCountry "BRA"]
[EventCategory "2"]
[SourceTitle "CBM 148 Extra"]
[Source "ChessBase"]
[SourceDate "2012.06.22"]
[SourceVersion "1"]
[SourceVersionDate "2012.06.22"]
[SourceQuality "1"]

1. e4 c5 2. Nf3 e6 3. d4 cxd4 4. Nxd4 a6 5. Bd3 Bc5 6. Nb3 Be7 7. O-O d6 8. c4
Nf6 9. Nc3 O-O 10. f4 Nbd7 11. Qe2 b6 12. Be3 Bb7 13. Rfd1 Qc7 14. Bf2 Rfe8 15.
Rac1 Rad8 16. Bb1 Qb8 17. Rd3 g6 18. Rh3 h5 19. f5 Ng4 20. fxg6 fxg6 21. Bh4 b5
22. Kh1 bxc4 23. Qxc4 Bxh4 24. Rxh4 Nde5 25. Qe2 Rf8 26. Nd1 Qa7 0-1

[Event "Sao Jose do Rio Preto 10th"]
[Site "Sao Jose do Rio Preto"]
[Date "2012.06.04"]
[Round "7.3"]
[White "Supi, Luis Paulo"]
[Black "Barreto Filho, Carlos Alberto"]
[Result "1/2-1/2"]
[WhiteElo "2290"]
[BlackElo "2346"]
[PlyCount "23"]
[EventDate "2012.05.30"]
[EventType "tourn"]
[EventRounds "9"]
[EventCountry "BRA"]
[EventCategory "2"]
[SourceTitle "CBM 148 Extra"]
[Source "ChessBase"]
[SourceDate "2012.06.22"]
[SourceVersion "1"]
[SourceVersionDate "2012.06.22"]
[SourceQuality "1"]

1. e4 e5 2. Nf3 Nc6 3. Bb5 Nf6 4. O-O Nxe4 5. d4 Nd6 6. Bxc6 dxc6 7. dxe5 Nf5
8. Qxd8+ Kxd8 9. Rd1+ Ke8 10. h3 Be7 11. Nc3 h6 12. Ne4 1/2-1/2

[Event "Sao Jose do Rio Preto 10th"]
[Site "Sao Jose do Rio Preto"]
[Date "2012.06.05"]
[Round "8.4"]
[White "Alonso, Raphael2"]
[Black "Supi, Luis Paulo"]
[Result "1/2-1/2"]
[WhiteElo "2162"]
[BlackElo "2290"]
[PlyCount "56"]
[EventDate "2012.05.30"]
[EventType "tourn"]
[EventRounds "9"]
[EventCountry "BRA"]
[EventCategory "2"]
[SourceTitle "CBM 148 Extra"]
[Source "ChessBase"]
[SourceDate "2012.06.22"]
[SourceVersion "1"]
[SourceVersionDate "2012.06.22"]
[SourceQuality "1"]

1. Nf3 Nf6 2. b3 d5 3. Bb2 c6 4. e3 Bf5 5. d4 e6 6. Bd3 Bxd3 7. Qxd3 Nbd7 8.
Nbd2 a5 9. O-O Be7 10. e4 dxe4 11. Nxe4 Nxe4 12. Qxe4 Nf6 13. Qe2 a4 14. c4 O-O
15. Rfd1 Qb6 16. Qc2 Ra6 17. Bc3 axb3 18. axb3 Rfa8 19. Rxa6 Rxa6 20. Ra1 Rxa1+
21. Bxa1 Qa5 22. Bc3 Bb4 23. Bxb4 Qxb4 24. g3 Qa3 25. Kg2 h6 26. Ne5 Qa1 27.
Qd3 Qb2 28. h3 Qc1 1/2-1/2

[Event "Sao Jose do Rio Preto 10th"]
[Site "Sao Jose do Rio Preto"]
[Date "2012.06.06"]
[Round "9.2"]
[White "Supi, Luis Paulo"]
[Black "Gattass, Allan Arriada"]
[Result "1/2-1/2"]
[WhiteElo "2290"]
[BlackElo "2256"]
[PlyCount "35"]
[EventDate "2012.05.30"]
[EventType "tourn"]
[EventRounds "9"]
[EventCountry "BRA"]
[EventCategory "2"]
[SourceTitle "CBM 148 Extra"]
[Source "ChessBase"]
[SourceDate "2012.06.22"]
[SourceVersion "1"]
[SourceVersionDate "2012.06.22"]
[SourceQuality "1"]

1. d4 d5 2. c4 c6 3. Nc3 Nf6 4. Nf3 dxc4 5. a4 Bf5 6. Ne5 e6 7. f3 Bb4 8. e4
Bxe4 9. fxe4 Nxe4 10. Qf3 Qxd4 11. Qxf7+ Kd8 12. Bg5+ Nxg5 13. Qxg7 Bxc3+ 14.
bxc3 Qxc3+ 15. Ke2 Qc2+ 16. Ke1 Qc3+ 17. Ke2 Qc2+ 18. Ke1 1/2-1/2

[Event "Sao Jose do Rio Preto IRT op"]
[Site "Sao Jose do Rio Preto"]
[Date "2012.06.07"]
[Round "1"]
[White "Monteiro, Leandro"]
[Black "Supi, Luis Paulo"]
[Result "0-1"]
[WhiteElo "1800"]
[BlackElo "2290"]
[PlyCount "34"]
[EventDate "2012.06.07"]
[EventType "swiss"]
[EventRounds "6"]
[EventCountry "BRA"]
[SourceTitle "EXT 2014"]
[Source "ChessBase"]
[SourceDate "2013.11.20"]
[SourceVersion "1"]
[SourceVersionDate "2013.11.20"]
[SourceQuality "1"]

1. d4 g6 2. c4 Bg7 3. Nc3 d6 4. e4 Nc6 5. Be3 Nf6 6. Be2 O-O 7. Bf3 e5 8. d5
Nd4 9. Bxd4 exd4 10. Qxd4 Nxe4 11. Qxe4 Re8 12. Qxe8+ Qxe8+ 13. Nge2 Bxc3+ 14.
bxc3 Bf5 15. O-O Bd3 16. Rfe1 Bxc4 17. Nd4 Qd7 0-1

[Event "Sao Jose do Rio Preto IRT op"]
[Site "Sao Jose do Rio Preto"]
[Date "2012.06.07"]
[Round "2"]
[White "Supi, Luis Paulo"]
[Black "Sousa Jr, Jose Antonio Madale"]
[Result "1/2-1/2"]
[WhiteElo "2290"]
[BlackElo "2010"]
[PlyCount "71"]
[EventDate "2012.06.07"]
[EventType "swiss"]
[EventRounds "6"]
[EventCountry "BRA"]
[SourceTitle "EXT 2014"]
[Source "ChessBase"]
[SourceDate "2013.11.20"]
[SourceVersion "1"]
[SourceVersionDate "2013.11.20"]
[SourceQuality "1"]

1. d4 Nf6 2. Nf3 d5 3. c4 e6 4. Nc3 c6 5. g3 Nbd7 6. Bg2 Bd6 7. O-O O-O 8. e4
Nxe4 9. Nxe4 dxe4 10. Ng5 Nf6 11. Nxe4 Nxe4 12. Bxe4 f5 13. Bg2 e5 14. c5 Bc7
15. d5 cxd5 16. Qxd5+ Qxd5 17. Bxd5+ Kh8 18. Bg5 h6 19. Be7 Re8 20. Bd6 Bxd6
21. cxd6 Be6 22. Bxb7 Rab8 23. Bc6 Red8 24. Rfd1 Rxb2 25. d7 Kg8 26. Re1 Rc2
27. Ba4 Rc5 28. Rac1 Rxc1 29. Rxc1 Kf7 30. Rc7 Ke7 31. Rxa7 Bxa2 32. Ra5 Kd6
33. Ra6+ Ke7 34. Ra5 Kd6 35. Ra6+ Ke7 36. Ra5 1/2-1/2

[Event "Sao Jose do Rio Preto IRT op"]
[Site "Sao Jose do Rio Preto"]
[Date "2012.06.08"]
[Round "3"]
[White "Blit, Jacques"]
[Black "Supi, Luis Paulo"]
[Result "1-0"]
[WhiteElo "2278"]
[BlackElo "2290"]
[PlyCount "63"]
[EventDate "2012.06.07"]
[EventType "swiss"]
[EventRounds "6"]
[EventCountry "BRA"]
[SourceTitle "EXT 2014"]
[Source "ChessBase"]
[SourceDate "2013.11.20"]
[SourceVersion "1"]
[SourceVersionDate "2013.11.20"]
[SourceQuality "1"]

1. e4 c5 2. Nf3 d6 3. d4 cxd4 4. Nxd4 Nf6 5. Nc3 a6 6. f4 e5 7. Nf5 Nxe4 8.
Nxg7+ Bxg7 9. Nxe4 d5 10. Nc3 Be6 11. Qh5 exf4 12. Ne2 Qe7 13. Bd2 Bxb2 14. Rb1
Bf6 15. Bb4 Qc7 16. Bd2 Qxc2 17. Rxb7 Nd7 18. Nxf4 Bc3 19. Qd1 Qe4+ 20. Be2 d4
21. Bxc3 dxc3 22. Nxe6 Qxb7 23. Qd4 Qb1+ 24. Kf2 Qxh1 25. Nc7+ Kd8 26. Bg4 Ke7
27. Qxd7+ Kf6 28. Qf5+ Kg7 29. Qg5+ Kf8 30. Qh6+ Ke7 31. Nd5+ Ke8 32. Qf6 1-0

[Event "Sao Jose do Rio Preto IRT op"]
[Site "Sao Jose do Rio Preto"]
[Date "2012.06.08"]
[Round "4"]
[White "Supi, Luis Paulo"]
[Black "Camargo, Peter Jackson Mille"]
[Result "1/2-1/2"]
[WhiteElo "2290"]
[BlackElo "1862"]
[PlyCount "72"]
[EventDate "2012.06.07"]
[EventType "swiss"]
[EventRounds "6"]
[EventCountry "BRA"]
[SourceTitle "EXT 2014"]
[Source "ChessBase"]
[SourceDate "2013.11.20"]
[SourceVersion "1"]
[SourceVersionDate "2013.11.20"]
[SourceQuality "1"]

1. d4 Nf6 2. Nf3 d5 3. c4 dxc4 4. Qa4+ c6 5. Qxc4 Bf5 6. Nc3 e6 7. g3 Qa5 8.
Bg2 Nbd7 9. O-O Qb4 10. Qxb4 Bxb4 11. Nh4 Bg4 12. f3 Bh5 13. e4 Nb6 14. g4 Bg6
15. Ne2 Be7 16. a4 a5 17. Bf4 Nfd7 18. Nxg6 hxg6 19. Rfc1 O-O 20. Bg3 Rac8 21.
f4 Rfd8 22. Be1 Ra8 23. Bf2 Rac8 24. Nc3 Bb4 25. b3 f6 26. Ne2 c5 27. f5 e5 28.
d5 g5 29. Bf1 c4 30. bxc4 Nxc4 31. Nf4 gxf4 32. Bxc4 Kf8 33. Bb5 Nc5 34. Rc4
Nb3 35. Rd1 Rxc4 36. Bxc4 Nc5 1/2-1/2

[Event "Sao Jose do Rio Preto IRT op"]
[Site "Sao Jose do Rio Preto"]
[Date "2012.06.09"]
[Round "5"]
[White "Braga, Marcelo Melem"]
[Black "Supi, Luis Paulo"]
[Result "0-1"]
[WhiteElo "1724"]
[BlackElo "2290"]
[PlyCount "56"]
[EventDate "2012.06.07"]
[EventType "swiss"]
[EventRounds "6"]
[EventCountry "BRA"]
[SourceTitle "EXT 2014"]
[Source "ChessBase"]
[SourceDate "2013.11.20"]
[SourceVersion "1"]
[SourceVersionDate "2013.11.20"]
[SourceQuality "1"]

1. d4 Nf6 2. c4 g6 3. Nc3 d5 4. cxd5 Nxd5 5. e4 Nxc3 6. bxc3 Bg7 7. e5 c5 8.
Bb5+ Bd7 9. Bxd7+ Qxd7 10. Nf3 cxd4 11. cxd4 Nc6 12. O-O O-O 13. Re1 Rfd8 14.
Bb2 Na5 15. Rc1 Rac8 16. Ng5 Qd5 17. Rxc8 Rxc8 18. Qa4 Nc4 19. Rc1 Bh6 20. f4
b5 21. Qb4 f6 22. Nh3 fxe5 23. dxe5 e6 24. Qc3 Rd8 25. Ba1 Bf8 26. Ng5 Bc5+ 27.
Kf1 Nd2+ 28. Ke1 Qxg2 0-1

[Event "Sao Jose do Rio Preto IRT op"]
[Site "Sao Jose do Rio Preto"]
[Date "2012.06.09"]
[Round "6"]
[White "Supi, Luis Paulo"]
[Black "Gimenez, Jayme Augusto"]
[Result "1-0"]
[WhiteElo "2290"]
[BlackElo "2094"]
[PlyCount "67"]
[EventDate "2012.06.07"]
[EventType "swiss"]
[EventRounds "6"]
[EventCountry "BRA"]
[SourceTitle "EXT 2014"]
[Source "ChessBase"]
[SourceDate "2013.11.20"]
[SourceVersion "1"]
[SourceVersionDate "2013.11.20"]
[SourceQuality "1"]

1. e4 c5 2. Nc3 Nc6 3. Bb5 Nd4 4. Nf3 g6 5. Bc4 Bg7 6. O-O d6 7. d3 e6 8. Nxd4
cxd4 9. Ne2 Ne7 10. Bg5 h6 11. Bh4 O-O 12. Qd2 Qc7 13. Bg3 Nc6 14. a3 Qe7 15.
Rae1 h5 16. h3 Kh7 17. f4 h4 18. Bh2 e5 19. c3 dxc3 20. Nxc3 Be6 21. Nd5 Bxd5
22. Bxd5 Nd4 23. Rc1 f6 24. Qf2 g5 25. Rc3 Rac8 26. Rfc1 Qd7 27. Kh1 Nb5 28.
Rxc8 Rxc8 29. Rxc8 Qxc8 30. fxg5 fxg5 31. Qf7 Nc7 32. Qh5+ Bh6 33. Bf7 Qf8 34.
d4 1-0

[Event "Paulista-ch"]
[Site "Americana"]
[Date "2012.12.07"]
[Round "1"]
[White "De Carvalho, Igor Lorenzon"]
[Black "Supi, Luis Paulo"]
[Result "1-0"]
[WhiteElo "1874"]
[BlackElo "2299"]
[PlyCount "91"]
[EventDate "2012.12.07"]
[EventType "swiss"]
[EventRounds "6"]
[EventCountry "BRA"]
[SourceTitle "CBM 152 Extra"]
[Source "ChessBase"]
[SourceDate "2013.02.25"]
[SourceVersion "1"]
[SourceVersionDate "2013.02.25"]
[SourceQuality "1"]

1. d4 Nf6 2. c4 g6 3. Nc3 Bg7 4. Nf3 d6 5. Bf4 O-O 6. h3 Nfd7 7. e3 e5 8. Bh2
Nc6 9. Be2 f5 10. O-O e4 11. Nd2 Nf6 12. Rb1 g5 13. b4 g4 14. hxg4 Nxg4 15.
Bxg4 fxg4 16. b5 Ne7 17. Ndxe4 Nf5 18. c5 d5 19. Qb3 Be6 20. Bf4 Nxd4 21. exd4
Rxf4 22. Rbe1 Bf7 23. Ng3 Qg5 24. Nce2 Rf6 25. Qd3 Bh6 26. f4 gxf3 27. Rxf3 Bg6
28. Qb3 Rxf3 29. gxf3 Qd2 30. Rd1 Qe3+ 31. Kg2 Qxb3 32. axb3 Bc2 33. Rh1 Bd2
34. Nh5 Bxb3 35. Nef4 c6 36. bxc6 bxc6 37. Nd3 Bc3 38. Ne5 Bxd4 39. Nxc6 Bxc5
40. Nf6+ Kg7 41. Nd7 Be3 42. Ndb8 d4 43. Rb1 Bd5 44. Rb7+ Kf6 45. Rd7 Be6 46.
Rd6 1-0

[Event "Paulista-ch"]
[Site "Americana"]
[Date "2012.12.07"]
[Round "2"]
[White "Supi, Luis Paulo"]
[Black "Da Silva, Wagner Jose"]
[Result "1-0"]
[WhiteElo "2299"]
[BlackElo "1842"]
[PlyCount "41"]
[EventDate "2012.12.07"]
[EventType "swiss"]
[EventRounds "6"]
[EventCountry "BRA"]
[SourceTitle "CBM 152 Extra"]
[Source "ChessBase"]
[SourceDate "2013.02.25"]
[SourceVersion "1"]
[SourceVersionDate "2013.02.25"]
[SourceQuality "1"]

1. e4 c5 2. Nf3 Nc6 3. Nc3 e6 4. d4 cxd4 5. Nxd4 Qc7 6. f4 a6 7. Nb3 g6 8. Be3
Bg7 9. Qd2 Nf6 10. e5 Ng4 11. Bc5 Bf8 12. Bxf8 Kxf8 13. Be2 Nh6 14. Ne4 Kg7 15.
h4 Ng8 16. h5 b6 17. Nd6 Bb7 18. hxg6 fxg6 19. O-O-O Nge7 20. f5 exf5 21. Qh6+
1-0

[Event "Paulista-ch"]
[Site "Americana"]
[Date "2012.12.08"]
[Round "3"]
[White "Hengles, Roberto Carlos"]
[Black "Supi, Luis Paulo"]
[Result "0-1"]
[WhiteElo "1898"]
[BlackElo "2299"]
[PlyCount "30"]
[EventDate "2012.12.07"]
[EventType "swiss"]
[EventRounds "6"]
[EventCountry "BRA"]
[SourceTitle "CBM 152 Extra"]
[Source "ChessBase"]
[SourceDate "2013.02.25"]
[SourceVersion "1"]
[SourceVersionDate "2013.02.25"]
[SourceQuality "1"]

1. e4 c5 2. Nf3 Nc6 3. Bb5 Nf6 4. Nc3 Qc7 5. O-O Nd4 6. Bc4 e6 7. Re1 Ng4 8. g3
Nxf3+ 9. Qxf3 Ne5 10. Qf4 g5 11. Qf6 Rg8 12. Be2 h6 13. Bh5 Bg7 14. Bxf7+ Kf8
15. Nb5 Qb6 0-1

[Event "Paulista-ch"]
[Site "Americana"]
[Date "2012.12.08"]
[Round "4"]
[White "Supi, Luis Paulo"]
[Black "Vizzotto, Bernardo"]
[Result "1/2-1/2"]
[WhiteElo "2299"]
[BlackElo "1981"]
[PlyCount "53"]
[EventDate "2012.12.07"]
[EventType "swiss"]
[EventRounds "6"]
[EventCountry "BRA"]
[SourceTitle "CBM 152 Extra"]
[Source "ChessBase"]
[SourceDate "2013.02.25"]
[SourceVersion "1"]
[SourceVersionDate "2013.02.25"]
[SourceQuality "1"]

1. e4 e6 2. d4 d5 3. Nc3 Nf6 4. Bg5 Be7 5. e5 Nfd7 6. Bxe7 Qxe7 7. f4 a6 8. Qh5
c5 9. Nf3 cxd4 10. Nxd4 Nc6 11. O-O-O O-O 12. Nf3 f6 13. exf6 Nxf6 14. Qh4 Qc7
15. Bd3 Nb4 16. Kb1 Bd7 17. Rhe1 Rae8 18. Re5 Nxd3 19. cxd3 Rc8 20. g4 g6 21.
g5 Nh5 22. f5 Rxf5 23. Rxf5 exf5 24. Qd4 Bc6 25. Ne5 Re8 26. Re1 Qd6 27. Re2
1/2-1/2

[Event "Paulista-ch"]
[Site "Americana"]
[Date "2012.12.09"]
[Round "5"]
[White "Lisboa Torres, Eduardo"]
[Black "Supi, Luis Paulo"]
[Result "0-1"]
[WhiteElo "1826"]
[BlackElo "2299"]
[PlyCount "40"]
[EventDate "2012.12.07"]
[EventType "swiss"]
[EventRounds "6"]
[EventCountry "BRA"]
[SourceTitle "EXT 2014"]
[Source "ChessBase"]
[SourceDate "2013.11.20"]
[SourceVersion "1"]
[SourceVersionDate "2013.11.20"]
[SourceQuality "1"]

1. d4 Nf6 2. c4 g6 3. f3 c5 4. d5 Bg7 5. e4 d6 6. Ne2 O-O 7. Nec3 e6 8. Bg5 h6
9. Be3 a6 10. a4 exd5 11. cxd5 Nbd7 12. Qd2 Ne5 13. Na3 Bd7 14. Nc4 Nxc4 15.
Bxc4 b5 16. axb5 axb5 17. Rxa8 Qxa8 18. Nxb5 Bxb5 19. Bxb5 Qa1+ 20. Qd1 Qa5+
0-1

[Event "Paulista-ch"]
[Site "Americana"]
[Date "2012.12.09"]
[Round "6"]
[White "Supi, Luis Paulo"]
[Black "Sztokbant, Bernardo Vainzoff"]
[Result "1-0"]
[WhiteElo "2299"]
[BlackElo "2070"]
[PlyCount "117"]
[EventDate "2012.12.07"]
[EventType "swiss"]
[EventRounds "6"]
[EventCountry "BRA"]
[SourceTitle "EXT 2014"]
[Source "ChessBase"]
[SourceDate "2013.11.20"]
[SourceVersion "1"]
[SourceVersionDate "2013.11.20"]
[SourceQuality "1"]

1. e4 e5 2. Nf3 Nc6 3. Bb5 a6 4. Ba4 Nf6 5. d3 b5 6. Bb3 Be7 7. a4 Rb8 8. axb5
axb5 9. Nc3 d6 10. Nd5 O-O 11. O-O Nxd5 12. exd5 Nd4 13. Nxd4 exd4 14. Ra7 Bd7
15. Qe1 Bf6 16. Qa5 c5 17. dxc6 Qxa5 18. Rxa5 Bxc6 19. Ra6 Rfc8 20. Bf4 Be7 21.
Re1 Kf8 22. f3 Ra8 23. Rea1 Bb7 24. Ra7 Ke8 25. Kf2 h5 26. R1a5 Rxa7 27. Rxa7
Bc6 28. Ra6 g5 29. Bd2 Bd7 30. Ke2 g4 31. Rb6 Bc6 32. Bf4 Kd7 33. Ra6 gxf3+ 34.
gxf3 Rg8 35. Ra7+ Kd8 36. Kf2 Bh4+ 37. Bg3 Bg5 38. f4 Be7 39. Bxf7 Rh8 40. h4
Rh6 41. Ra1 Bd7 42. Ra8+ Kc7 43. Bd5 Rg6 44. Ra7+ Kc8 45. Ra8+ Kc7 46. Rh8 Bg4
47. Bf3 Bf6 48. Rh7+ Rg7 49. Rxg7+ Bxg7 50. Bxg4 hxg4 51. Bh2 Kd7 52. Kg3 Ke6
53. Kxg4 Kf6 54. f5 Bf8 55. h5 Be7 56. Bg1 Ke5 57. h6 Bf8 58. h7 Bg7 59. c3 1-0

[Event "Sao Jose do Rio Preto 11th"]
[Site "Sao Jose do Rio Preto"]
[Date "2012.12.17"]
[Round "1"]
[White "Supi, Luis Paulo"]
[Black "Freitas, Romeu Salvador"]
[Result "1-0"]
[WhiteElo "2299"]
[BlackElo "2279"]
[PlyCount "51"]
[EventDate "2012.12.17"]
[EventType "tourn"]
[EventRounds "9"]
[EventCountry "BRA"]
[EventCategory "3"]
[SourceTitle "EXT 2014"]
[Source "ChessBase"]
[SourceDate "2013.11.20"]
[SourceVersion "1"]
[SourceVersionDate "2013.11.20"]
[SourceQuality "1"]

1. c4 e5 2. Nc3 Nf6 3. e3 c6 4. Nf3 e4 5. Nd4 g6 6. g4 h6 7. Bg2 d5 8. cxd5
cxd5 9. h3 Nc6 10. d3 Nxd4 11. exd4 Bg7 12. Be3 exd3 13. Qxd3 O-O 14. Qd2 Kh7
15. O-O-O a6 16. Kb1 b5 17. g5 hxg5 18. Bxg5 Be6 19. h4 b4 20. Na4 Qa5 21. Nc5
Bf5+ 22. Ka1 Ne4 23. Bxe4 dxe4 24. h5 Kg8 25. h6 Bh8 26. h7+ 1-0

[Event "Sao Jose do Rio Preto 11th"]
[Site "Sao Jose do Rio Preto"]
[Date "2012.12.20"]
[Round "5"]
[White "Abdalla, Luiz Guilherme"]
[Black "Supi, Luis Paulo"]
[Result "1/2-1/2"]
[WhiteElo "2322"]
[BlackElo "2299"]
[PlyCount "31"]
[EventDate "2012.12.17"]
[EventType "tourn"]
[EventRounds "9"]
[EventCountry "BRA"]
[EventCategory "3"]
[SourceTitle "EXT 2014"]
[Source "ChessBase"]
[SourceDate "2013.11.20"]
[SourceVersion "1"]
[SourceVersionDate "2013.11.20"]
[SourceQuality "1"]

1. d4 Nf6 2. c4 c5 3. d5 e6 4. Nc3 exd5 5. cxd5 g6 6. Nf3 d6 7. h3 a6 8. a4 Bg7
9. Bf4 O-O 10. e3 Qe7 11. Be2 Nbd7 12. O-O Nh5 13. Bh2 f5 14. Nd2 Nhf6 15. Nc4
Ne8 16. a5 1/2-1/2

[Event "Sao Jose do Rio Preto 11th"]
[Site "Sao Jose do Rio Preto"]
[Date "2012.12.20"]
[Round "6"]
[White "Supi, Luis Paulo"]
[Black "Valiente, Cristobal"]
[Result "1-0"]
[WhiteElo "2299"]
[BlackElo "2240"]
[PlyCount "63"]
[EventDate "2012.12.17"]
[EventType "tourn"]
[EventRounds "9"]
[EventCountry "BRA"]
[EventCategory "3"]
[SourceTitle "EXT 2014"]
[Source "ChessBase"]
[SourceDate "2013.11.20"]
[SourceVersion "1"]
[SourceVersionDate "2013.11.20"]
[SourceQuality "1"]

1. e4 Nf6 2. e5 Nd5 3. d4 d6 4. Nf3 Bg4 5. Be2 e6 6. O-O Be7 7. h3 Bh5 8. c4
Nb6 9. exd6 cxd6 10. d5 exd5 11. cxd5 O-O 12. Nc3 N8d7 13. a4 Rc8 14. a5 Nc4
15. a6 b6 16. g4 Bg6 17. Nb5 Na5 18. Nfd4 Bf6 19. b4 Bxd4 20. Nxd4 Qh4 21. bxa5
Rc3 22. Ra3 Rxh3 23. Rxh3 Qxh3 24. Qb3 Qh4 25. Qg3 Qf6 26. Qf4 bxa5 27. Qxf6
Nxf6 28. Nc6 Nxd5 29. Bd2 Re8 30. Bc4 Nc7 31. Rc1 d5 32. Bf1 1-0

[Event "Sao Jose do Rio Preto 11th"]
[Site "Sao Jose do Rio Preto"]
[Date "2012.12.21"]
[Round "7"]
[White "Della Morte, German"]
[Black "Supi, Luis Paulo"]
[Result "1/2-1/2"]
[WhiteElo "2325"]
[BlackElo "2299"]
[PlyCount "20"]
[EventDate "2012.12.17"]
[EventType "tourn"]
[EventRounds "9"]
[EventCountry "BRA"]
[EventCategory "3"]
[SourceTitle "EXT 2014"]
[Source "ChessBase"]
[SourceDate "2013.11.20"]
[SourceVersion "1"]
[SourceVersionDate "2013.11.20"]
[SourceQuality "1"]

1. e4 c5 2. Nf3 d6 3. d4 cxd4 4. Nxd4 Nf6 5. Nc3 e6 6. Be2 Be7 7. O-O O-O 8. f4
Nc6 9. Be3 Bd7 10. Nxc6 Bxc6 1/2-1/2

[Event "Sao Jose do Rio Preto 11th"]
[Site "Sao Jose do Rio Preto"]
[Date "2012.12.22"]
[Round "8"]
[White "Supi, Luis Paulo"]
[Black "Gallo Ponce, Elbert"]
[Result "1-0"]
[WhiteElo "2299"]
[BlackElo "2248"]
[PlyCount "45"]
[EventDate "2012.12.17"]
[EventType "tourn"]
[EventRounds "9"]
[EventCountry "BRA"]
[EventCategory "3"]
[SourceTitle "EXT 2014"]
[Source "ChessBase"]
[SourceDate "2013.11.20"]
[SourceVersion "1"]
[SourceVersionDate "2013.11.20"]
[SourceQuality "1"]

1. e4 e6 2. d4 d5 3. Nc3 Bb4 4. e5 b6 5. Nh3 Qd7 6. Nf4 Ba6 7. Bxa6 Nxa6 8. Qd3
Nb8 9. O-O Nc6 10. Nd1 g6 11. Ne3 h5 12. c4 dxc4 13. Qxc4 Bf8 14. d5 Nxe5 15.
dxe6 fxe6 16. Qe4 Nc6 17. Nxg6 Rh6 18. Nxf8 Kxf8 19. Rd1 Nf6 20. Qf3 Qe8 21.
Nd5 exd5 22. Bxh6+ Kf7 23. Bg5 1-0

[Event "Manaus zt 2.4"]
[Site "Manaus"]
[Date "2013.04.27"]
[Round "1"]
[White "Bezerra, Fabiano de Oliveira"]
[Black "Supi, Luis Paulo"]
[Result "0-1"]
[WhiteElo "1955"]
[BlackElo "2321"]
[PlyCount "64"]
[EventDate "2013.04.27"]
[EventType "swiss"]
[EventRounds "9"]
[EventCountry "BRA"]
[SourceTitle "CBM 154 Extra"]
[Source "ChessBase"]
[SourceDate "2013.06.25"]
[SourceVersion "2"]
[SourceVersionDate "2013.06.25"]
[SourceQuality "1"]

1. e4 c5 2. Nc3 a6 3. g3 b5 4. Bg2 Bb7 5. d3 e6 6. Nge2 d5 7. exd5 b4 8. Nb1
Bxd5 9. Nf4 Bxg2 10. Nxg2 Qd5 11. O-O Nf6 12. Nd2 Be7 13. Qf3 Nc6 14. Ne3 Qd7
15. Ndc4 Rb8 16. b3 Nd4 17. Qd1 Qb7 18. f3 h5 19. Ng2 h4 20. Bf4 hxg3 21. Bxg3
Rd8 22. Nf4 g5 23. Ng2 Rh3 24. Nd2 Nd5 25. Rf2 Nf5 26. Ne4 Nxg3 27. Nxg3 Bf6
28. Ne4 Bd4 29. Rc1 Nc3 30. Nxc3 bxc3 31. Ne1 Qc7 32. Kf1 Rxh2 0-1